| 000 | 00630nam a2200193 i 4500 | ||
|---|---|---|---|
| 001 | 104419 | ||
| 003 | ES-MaACL | ||
| 007 | t| | ||
| 008 | 051130s1984 sp ||||1| spa d | ||
| 100 | 1 |
_aMillerson, Gerald. _981239 |
|
| 245 | 1 | 0 |
_aTV. Producción eficaz de programas _b: técnicas y procesos / _cpor Gerald Millerson; [traducida por Eugenio Bonet Albero]. |
| 260 |
_aBarcelona : _bHispano Europea, _c1984. |
||
| 300 |
_a202 p. : _bil. ; _c22 cm. |
||
| 490 | 1 | _aManuales RTV | |
| 700 | 1 |
_aBonet Albero, Eugenio. _930124 |
|
| 830 | 0 |
_aManuales RTV _9186614 |
|
| 852 |
_aES-MaACL _jL-7772 _bR.108369 |
||
| 999 |
_c104419 _d104419 |
||